| 000 | 00594nam a22002177a 4500 | ||
|---|---|---|---|
| 005 | 20170124110102.0 | ||
| 010 | _aTA-004724 | ||
| 020 | _c00.00 | ||
| 035 | _aTA-004724 | ||
| 037 | _bCen Lib/Ret | ||
| 040 |
_aDPL _bEN |
||
| 082 |
_a947.0842 _bKON |
||
| 100 |
_aKonev, I. _927451 |
||
| 245 |
_aYear of victory / _cby I. Konev |
||
| 260 |
_aMoscow _bProgress Publishers _c1984 |
||
| 270 | _bMoscow | ||
| 300 |
_a248p. : _c20cm(Hb) _bill. |
||
| 650 |
_aWorld War, 1939-1945 -- Campaigns _927453 |
||
| 650 |
_aMilitary campaigns _910094 |
||
| 942 |
_2ddc _cEN _h947.0842 _mKON |
||
| 999 |
_c129804 _d129804 |
||